Countries With Clubs in the Champions League Finals - Statistics

General Stats
  • This quiz has been taken 165 times
  • The average score is 7 of 7
Answer Stats
# #C Club(s) Country % Correct
15 6 Liverpool (5), Manchester United (4), Chelsea (3), Arsenal (1), Manchester City (1) & Tottenham Hotspur (1) England
99%
13 3 AC Milan (6), Juventus (6) & Inter Milan (1) Italy
99%
17 4 Real Madrid (8), FC Barcelona (5), Valencia (2) & Atletico Madrid (2) Spain
99%
9 3 Bayern Munich (6), Borussia Dortmund (2) & Bayer Leverkusen (1) Germany
97%
3 3 Olympique Marseille (1), AS Monaco (1) & Paris Saint-Germain (1) France
96%
1 1 FC Porto (1) Portugal
94%
2 1 AFC Ajax (2) Netherlands
86%
No matching quizzes found
Score Distribution
Percent of People with Each Score
Percentile by Number Answered
Your Score History
You have not taken this quiz